|
|
|
|
| LEADER |
00000nam a2200000 i 4500 |
| 001 |
DIGEDUNAV0325 |
| 003 |
NyNyDIG |
| 008 |
200703s2017 sp ob 000 0 spa d |
| 006 |
m o d |
| 007 |
cr ||||||||||| |
| 035 |
|
|
|a (OCoLC)1164335056
|
| 040 |
|
|
|a DGITA
|b eng
|e rda
|e pn
|c DGITA
|
| 020 |
|
|
|z 9788431332143
|
| 020 |
|
|
|z 843133214X
|
| 043 |
|
|
|a e-sp---
|
| 050 |
1 |
4 |
|a HD6762 ebook
|
| 082 |
0 |
4 |
|a 331.880946
|
| 100 |
1 |
|
|a Pin Arboledas, J. R.
|q (José Ramón),
|d 1944-
|e author.
|
| 245 |
1 |
0 |
|a Claves de la negociación colectiva :
|b de la teoría a la realidad /
|c J. R. Pin Arboledas, Guido Stein.
|
| 264 |
|
1 |
|a Pamplona :
|b EUNSA, Ediciones Universidad de Navarra,
|c [2017]
|
| 300 |
|
|
|a 1 online resource.
|
| 336 |
|
|
|a text
|b txt
|2 rdacontent
|
| 337 |
|
|
|a computer
|b c
|2 rdamedia
|
| 338 |
|
|
|a online resource
|b cr
|2 rdacarrier
|
| 347 |
|
|
|a text file
|2 rdaft
|
| 347 |
|
|
|b PDF
|
| 490 |
1 |
|
|a Libros IESE
|
| 504 |
|
|
|a Includes bibliographical references.
|
| 588 |
0 |
|
|a Online resource; title from PDF title page (Digitalia, viewed July 3, 2020)
|
| 650 |
|
0 |
|a Collective bargaining
|z Spain.
|
| 650 |
|
0 |
|a Collective labor agreements
|z Spain.
|
| 650 |
|
0 |
|a Labor laws and legislation
|z Spain.
|
| 655 |
|
0 |
|a Electronic books.
|
| 700 |
1 |
|
|a Stein, Guido,
|d 1963-
|e author.
|
| 791 |
2 |
|
|a Digitalia (Firm),
|e distributor.
|
| 793 |
0 |
|
|g Digitalia eBook Collection:
|a Ediciones Universidad de Navarra
|
| 776 |
0 |
8 |
|i Print version:
|a Pin Arboledas, J. R. (José Ramón), 1944-
|t Claves de la negociación colectiva.
|b Segunda edición.
|d Pamplona : Ediciones Universidad de Navarra, 2017
|z 9788431332143
|
| 830 |
|
0 |
|a Libros IESE.
|
| 856 |
4 |
0 |
|3 Digitalia Hispánica
|u https://www.digitaliapublishing.com/a/51700/
|
| 910 |
|
|
|a Premium collection: 2020
|